Roma e il diritto: percorsi costituzionali, produzione normativa, assetti, memorie e tradizione del pensiero fondante dell'esperienza giuridica occidentale
Uloženo v:
| Hlavní autoři: | , , |
|---|---|
| Další autoři: | |
| Médium: | Kniha |
| Jazyk: | italština |
| Vydáno: |
Nápoles
Jovene
2010
|
| Témata: | |
| Tagy: |
Přidat tag
Žádné tagy, Buďte první, kdo vytvoří štítek k tomuto záznamu!
|
MARC
| LEADER | 00000cam a2200000 a 4500 | ||
|---|---|---|---|
| 001 | UCG9567 | ||
| 003 | CL-VaPUC | ||
| 008 | 120323e20100000IT |||||||||||||||||ita|d | ||
| 020 | |a 8824319378 | ||
| 082 | 0 | 4 | |a 340.54 |b CER |2 21 |
| 100 | 0 | |a Cerami, Pietro |e author |9 561177 | |
| 700 | 0 | |a Corbino, Alessandro |e author |9 561178 | |
| 700 | |a Metro, Antonino |e autor |9 561179 | ||
| 700 | 0 | |a Purpura, Gianfranco |e author |9 561180 | |
| 245 | 1 | 0 | |a Roma e il diritto: percorsi costituzionali, produzione normativa, assetti, memorie e tradizione del pensiero fondante dell'esperienza giuridica occidentale |
| 300 | |a 328 p | ||
| 942 | |c BK | ||
| 945 | |d 20120323 00:00:00 |a cmena | ||
| 260 | |a Nápoles |b Jovene |c 2010 | ||
| 650 | 0 | |a Derecho romano |9 255930 | |
| 650 | 0 | |a Historia del derecho |9 255109 | |
| 650 | 0 | |a Ordenamiento jurídico |9 355371 | |
| 650 | 0 | |a Fuentes del derecho |9 255162 | |
| 650 | 0 | |a Derecho constitucional |9 222588 | |
| 583 | |a last modification |c 20120323 11:52:00 |k Rodrigo Vera | ||
| 999 | |c 347114 |d 347112 | ||
| 952 | |0 0 |1 0 |4 0 |6 340_540000000000000_CER_2010 |7 0 |8 DER_ROM |9 448229 |a BIBDER |b BIBDER |d 2019-11-22 |i 4834135 |l 3 |o 340.54 CER 2010 |p 4834135 |r 2024-03-15 |s 2024-03-15 |w 2019-11-22 |x Ubicación 4to piso |y BK |z Este recurso debe solicitarse con anticipación |k DER | ||